Myth of the nation and vision of revolution : ideological polarization in the twentieth century

Αποθηκεύτηκε σε:
Λεπτομέρειες βιβλιογραφικής εγγραφής
Κύριος συγγραφέας: Talmon, J. L. (Jacob Leib) 1916-
Μορφή: Βιβλίο
Γλώσσα:English
Δημοσίευση: London : Transaction , 1991
Θέματα:
Ετικέτες: Προσθήκη ετικέτας
Δεν υπάρχουν, Καταχωρήστε ετικέτα πρώτοι!

MARC

LEADER 00000nam a2200000 i 4500
001 1/97109
008 950201s1991 eng d
020 |a 0-88738-844-2 
035 |l 10010433 
040 |a GR-MY-UA  |b gre  |e aacr 
041 0 |a eng 
082 0 |a 320.532 
100 1 |a Talmon, J. L.  |q (Jacob Leib)  |d 1916- 
245 1 0 |a Myth of the nation and vision of revolution :  |b ideological polarization in the twentieth century /  |c Jacob L. Talmon ; New introduction by Irving Louis Horowitz 
260 |a London :   |b Transaction ,   |c 1991 
300 |a 632 p. 
500 |a Includes introduction 
650 0 0 |a Nationalism and socialism  |x History. 
650 0 0 |a Revolutions and socialism  |x History. 
852 |a INST  |b LESVOS  |e 19950201  |h 320.532 TAL  |p 005100003101  |q 005100003101  |t BK  |y 0 
909 |a Λ  |b 038049